MDQL
is popping MORE tags! Check the
thread
!
Quizzes
Events
Quiz Creation
Community
Videos
Private Events
Remove Ads
Sign In
Join for FREE
Feedback
Dark Mode
Quiz Categories
Sports
Geography
Music
Movies
Television
Just For Fun
Miscellaneous
History
Literature
Language
Science
Gaming
Entertainment
Religion
Holiday
For Kids
Quiz Lab
Recent
Popular Today
Quiz Kudos Today
Editor Picks
Curator Picks
Quizzes by...
Day
Popularity
Type
Ratings
Length
Year
Community
Subscriptions
Recent Discussions
Orange Saloon
Badges
Playlists
Quests
Create
Leaderboards
Showdown
Live 5
Trivia Bingo
Activity
Puzzle Library
Sporcle Events
Private Events
Virtual Trivia
Globe League
Become a Host
Pub Owners
SporcleCon
Opinionation
Our Games
Videos
Blog
Mobile Apps
Partnerships
Remove Ads and Go Orange
Feedback
Literature
Harry Potter
A Song of Ice and Fire
The Hunger Games
Literary Character
Shakespeare
Book
Author
Novel
Poem
Young Adult
Children's Books
Play
Lord of the Rings
Literature
Harry Potter
A Song of Ice and Fire
The Hunger Games
Literary Character
Shakespeare
Book
Author
Novel
Poem
Young Adult
Children's Books
Play
Lord of the Rings
Random Quiz
Search Sporcle
×
Featured
Featured
Literature
Blitz
Click on answers out of a set of options
Click on answers out of a set of options
Multiple Choice
Best Score? Go Orange.
Is There Another? Books Stats
Can you decide whether there needs to be another word added to the end of the title of the book from the given author or not?
By
GeoEarthling
60s
16 Questions
13.2K Plays
13,227 Plays
13,227 Plays
Comments
Comments
Give Quiz Kudos
Give Quiz Kudos
-
- Ratings
hide this ad
Replay
Link that replays current quiz
Next Quiz
Link to next quiz in quiz playlist
You Got
0%
They Got
Avg Score
91%
Avg Friend Score
Upgrade to see
Score Distribution
Jump to the score distribution portion of the page
Score
0/16
Timer
01:00
0
Plays Today
Question
Answer
Wrong Answers
Harry Potter and the Half-Blood ____
J.K. Rowling
Yes
94.9%
No
2%
Pride and Prejudice ____
Jane Austen
No
94.9%
Yes
2%
Charlotte's Web ____
E.B. White
No
94.9%
Yes
2.1%
The Color Purple ____
Alice Walker
No
94.7%
Yes
2.2%
Gone With the Wind ____
Margaret Mitchell
No
94.6%
Yes
2.2%
Adventures of Huckleberry ____
Mark Twain
Yes
94.6%
No
2.4%
A Tale of Two ____
Charles Dickens
Yes
94.6%
No
2.3%
James and the Giant ____
Roald Dahl
Yes
93.8%
No
3.2%
The Girl with the Dragon ____
Stieg Larsson
Yes
93.7%
No
3.3%
The Lion, the Witch, and the Wardrobe ____
C. S. Lewis
No
93.2%
Yes
3.8%
Green Eggs and Ham ____
Dr. Seuss
No
92.4%
Yes
4.4%
The Jungle ____
Rudyard Kipling
Yes
92.4%
No
4.6%
Where the Wild Things Are ____
Maurice Sendak
No
91.9%
Yes
4.9%
Where the Red Fern Grows ____
Wilson Rawls
No
91.8%
Yes
5%
Watership ____
Richard Adams
Yes
91.1%
No
5.7%
Through the Looking-Glass, and What Alice Found ____
Lewis Carroll
Yes
54.7%
No
42.2%
Quiz Playlist
Details
Report
Send in Message
Add To Playlist
Multiple Choice:
Click on answers out of a set of options
Last Updated: Jul 14, 2021
Featured
Editor Pick in
Literature
Curator Pick in
Book
Quiz Scoreboard
CHALLENGE
Sign Up to Join the Scoreboard
Show All
Scores
Hide
Comments
May contain spoilers
Recently Published
Holiday 10x10 Sorting Gallery
by lukepisani3
Holiday
15m
Two Season TV Shows II
by 123Four
Television
10m
Image Sorting: Flags VI
by Barbecue
Geography
2m
More to Explore
Quiz From the Vault
Featured Blog Post
14 Easter Pick-up Lines to Find Eggs With
hide this ad
You Might Also Like...
Tags
Author Quiz
Blitz Quiz
Book Quiz
Missing Word Quiz
Novel Quiz
Young Adult Quiz
Book Titles
Last Words
Word
Today's Top Quizzes in Literature
Browse Literature
hide this ad
Today's Top Quizzes in Blitz
Browse Blitz
Top Contributed Quizzes in Literature
1
Sneaky Slytherin Logic Puzzle
2
Criteria Quiz: Harry Potter Deaths
3
Moaning Myrtle's Bathroom: Logic Puzzle
4
Get The Picture: Black or White Literature
5
Logic Puzzle: Avoid Dumbledore's Army
6
Harry Potter logic puzzle: The Hogwarts Soap Opera
7
Weasley Family Reunion: Logic Puzzle
8
'Middle' Earth
9
Missing Word: John Steinbeck Title Images
10
50 Books...Fast and Fatal!
Explore More
Trending Topics
Harry Potter
Anime
Disney
NBA
Crossword
Marvel
Kpop
Song
Pokémon
WWE
Country
The Office
Puzzle
Soccer
NFL
hide this ad
More By:
GeoEarthling
Quiz
Plays
Rating
Category
Featured
Created
Reveal the Flag
211,154
4.59
Geography
Nov 25, 2022
Reveal the Flag II
147,959
4.61
Geography
Nov 25, 2022
Reveal the Flag III
120,834
4.81
Geography
Nov 25, 2022
Reveal the Flag IV
77,954
4.91
Geography
Nov 26, 2022
Uncover the Countries of Europe (Minefield)
73,285
4.26
Geography
Feb 23, 2023
Go to Creator's Profile
Score Distribution
Quiz Creator Spotlight
GeoEarthling
Follow
Send a Message
Quizzes Created
-
Created Quiz Play Count
-
More By This Creator
Popular Quizzes Today
1
Find the US States - No Outlines Minefield
2
Colored Red Africa Blitz
3
Find the 'City' Movie
4
The Countries of the World
5
Find the US States
6
5x2 Blitz: Bands
7
Find the Countries of Europe - No Outlines Minefield
8
US States
More Literature Quizzes
Dobby, This Is Your Life
Published
Trending Quizzes
Colored Red Europe Blitz I
Colored Red Europe Blitz II
Colored Red Africa Blitz II
Colored Red Europe Blitz III
Colored Red Africa Blitz III
Recently Updated
Odd Team Out - Big 4 Players
pecheneg
Quick Pick: 20 Twenties
pecheneg
March Madness Men's Triple Doubles
pecheneg
How Do You Spell That?
pecheneg
Godzilla Movies
pecheneg
Grab Bag: 4-10 Letters
pecheneg
2024 March Madness Bracket
pecheneg
Famous TV Couples
Peacemaker
Champions League XIs: Real Madrid
pecheneg
Largest US Cities 1790-2010
pecheneg
Trending Topics
Kpop
Anime
Harry Potter
Marvel
Disney
Crossword
NBA
Soccer
Country
WWE
Pokémon
Song
The Office
Puzzle
NFL
Your Account Isn't Verified!
In order to create a playlist on Sporcle, you need to verify the email address you used during registration. Go to your
Sporcle Settings
to finish the process.
Report this User
Report this user for behavior that violates our
Community Guidelines
.
Details:
Send Report
Go to the Sporcle.com Mobile Site →
Comments